1030 1837 1244 1872 1741 1455 1070 1092 1610 1965 1427 1793 1766 1109 1138 1490 1190 1799 1994 1127 1120 1011 1579 1742 1104 1752 1318 1752 1024 1365 1861 1331 1182 1485 1801 1910 1194 1112 1026 1963 1560 1662 1259 1963 1275 1446 1182 1186 1908 1540 1283 1630 1371 1251 1596 1528 1928 1034 1604 1471 1324 1014 1695 1872 1872 1311 1862 1632 1683 1631 1095 1435 1349 1210 1467 1832 1598 1298 1046 1896 1582 1071 1148 1678 1585 1110 1467 1705 1014 1769 1596 1272 1446 1487 1741 1409 1590 1768 1184 BCNSPRNW ULIB Ver.6.0+V

เปลี่ยนเป็นภาษาไทย

Change to English
 แสดงรายละเอียดบรรณานุกรม
  กลับหน้าหลัก

Brief Record : Get Marc (ISO 2709) : E-mail record : QR code < ปิดหน้าต่าง
LEADER : 00000nam 2200000uu 4500
001    13399127691
003     ULIB
008    210420s2561||||th 000 0 tha d
020    ^a9789744228765
060    ^aWB258^bป619ค
100    ^aปิยธิดา อยู่สุข
245    ^aคู่มือการดูแลตนเองสำหรับผู้ป่วยมะเร็งกระดูก/^cปิยธิดา อยู่สุข
250    ^aพิมพ์ครั้งที่1
260    ^aกรุงเทพฯ :^b^aงานการพยาบาลผู้ป่วยออร์โธปิดิกส์ โรงพยาบาลเลิดสิน กรมการแพทย์ กระทรวงสาธารณสุข,^c2561
300    ^a70 หน้า^bภาพประกอบ, ตาราง
505 0  ^a--^tบทที่ 1 ข้อมูลผู้ป่วย--^tบทที่ 2 มะเร็ง--^tบทที่ 3 มะเร็งกระดูก--^tบทที่ 4 สาเหตุ--^tบทที่ 5 อาการ--^tบทที่ 6 การตรวจวินิจฉัย และการปฏิบัติตัว--^tบทที่ 7 การรักษา และการปฏิบัติตัว
650    ^aมะเร็งกระดูก^xการดูแล
650  0 ^aมะเร็ง^xการดูแล
650  0 ^aการฉายรังสี
650  0 ^aรังสีรักษา
945    ^p0^l0^i008015
945    ^p0^l0^i008016
999    ^aประนอม เกษจรัล
รายการนี้ยังไม่มีแท็ก
คุณยังไม่ได้ล็อกอิน คุณสามารถมีกิจกรรมร่วมกับเว็บไซต์ได้ แต่ต้องล็อกอินก่อน ::
  ล็อกอิน

รายการสื่อสารสนเทศ

ลำดับที่ ประเภท เลขเรียก/บาร์โค้ด สถานที่ สถานะ
1. วิทยาศาสตร์การแพทย์ และสุขภาพ
หนังสือสำรอง
สถานะ=หนังสือสำรอง
WB258 ป619ค ฉ.1 
  Barcode: 008015
ห้องสมุดวิทยาเขตสวรรค์ประชารักษ์
►หนังสือทั่วไป
บนชั้น
2. วิทยาศาสตร์การแพทย์ และสุขภาพ
วิทยาศาสตร์การแพทย์ และสุขภาพ
WB258 ป619ค ฉ.2 
  Barcode: 008016
ห้องสมุดวิทยาเขตสวรรค์ประชารักษ์
►หนังสือทั่วไป
บนชั้น

รายการใกล้เคียง
    หัวเรื่อง [มะเร็ง การดูแล]
    หัวเรื่อง [รังสีรักษา]

BibComment


ยังไม่เคยถูกคอมเมนท์

คอมเมนท์ทรัพยากรรายการนี้
  คอมเมนท์: คู่มือการดูแลตนเ..


 Copyright 2026. Bcnsprnw @Library